| 000 | 00477nam a2200145 4500 | ||
|---|---|---|---|
| 999 |
_c513168 _d513168 |
||
| 008 | 200128b ||||| |||| 00| 0 eng d | ||
| 100 |
_aColantone, Italo _915593 |
||
| 245 | _aThe surge of economic nationalism in Western Europe | ||
| 260 | _bJournal of Economic Perspectives | ||
| 300 | _a33(4), Fall, 2019: p.128-151. | ||
| 700 |
_aStanig, Piero _915594 |
||
| 773 | _aJournal of Economic Perspectives | ||
| 906 | _aEconomic nationalism - Western Europe | ||
| 942 |
_2ddc _cAR |
||